000 00318nam a2200133Ia 4500
008 231017s9999 xx 000 0 und d
082 _a388.1BUE
082 _bBUE
245 4 _aThe nations highway and transit investment needs through 2015
245 0 _cARTBA
260 _bARTBA
300 _c30cm
942 _cREP
999 _c605232
_d605232